Szczegóły MARC21

Prace Naukowe Uniwersytetu Śląskiego w Katowicach. Przekład Artystyczny.

001 -Numer kontrolny rekordu [,]
    • @
    • pole kontrolne
    • da2002050010
005 -Data i czas ostatniej zmiany [,]
    • @
    • Data ostatniej zmiany
    • 20241231090925.0
035 -Inne numery kontrolne [ , ]
    • a
    • Numer kontrolny
    • (OCoLC)749192861
035 -Inne numery kontrolne [ , ]
    • a
    • Numer kontrolny
    • (NUKAT)da2002050010
040 -Instytucja sporządzająca opis [ , ]
    • a
    • Instytucja, która sporządziła opis (NP)
    • KR 119/RAM
    • c
    • Instytucja, która sporządziła rekord (NP)
    • KR 119/RAM
    • d
    • Instytucja, która zmodyfikowała rekord (P)
    • KR 119/RAM
041 -Język dokumentu [0, ]
    • a
    • Język tekstu (P)
    • polski
    • b
    • Język streszczeń(P)
    • angielski
    • b
    • Język streszczeń(P)
    • rosyjski
942 -Rodzaj dokumentu [ , ]
    • c
    • Rodzaj dokumentu
    • Wydaw. ciągłe w tym czasopisma
245 -Strefa tytułu i oznaczenia odpowiedzialności [0,0]
    • a
    • Tytuł
    • Prace Naukowe Uniwersytetu Śląskiego w Katowicach.
    • p
    • Nazwa części (P)
    • Przekład Artystyczny.
246 -Wariant tytułu [3,0]
    • a
    • Tytuł (NP)
    • Przekład Artystyczny
260 -Strefa adresu wydawniczego [ , ]
    • a
    • Miejsce wydania (P)
    • Katowice :
    • b
    • Nazwa wydawcy (P)
    • Wydaw. Uniwersytetu Śląskiego,
    • c
    • Data wydania (P)
    • 1991-.
300 -Strefa opisu fizycznego [ , ]
    • c
    • Format (NP)
    • 24 cm.
310 -Częstotliwość [ , ]
    • a
    • Częstotliwość
    • Niereg.
362 -Strefa numeracji [0, ]
    • a
    • Strefa numeracji
    • T. 1-
546 -Uwaga dot. języka [ , ]
    • a
    • Uwaga dot. języka
    • Streszcz. ang. i ros.
650 -Hasło przedmiotowe - nazwa pospolita [ ,7]
    • a
    • Hasło przedmiotowe
    • Literatura
    • x
    • Określnik rzeczowy
    • tłumaczenie
    • x
    • Określnik rzeczowy
    • czasopisma.
710 -Hasło dodatkowe - nazwa ciała zbiorowego [2, ]
    • a
    • Nazwa ciała zbiorowego lub nazwa geograficzna jako pierwszy element (NP)
    • Uniwersytet Śląski (Katowice).
710 -Hasło dodatkowe - nazwa ciała zbiorowego [2, ]
    • a
    • Nazwa ciała zbiorowego lub nazwa geograficzna jako pierwszy element (NP)
    • Uniwersytet Śląski (Katowice).
    • b
    • Nazwa jednostki podrzędnej (P)
    • Wydawnictwo.
    • 4
    • Określenie rodzaju współpracy
    • pbl
866 -Niesformalizowane zestawienie zasobów [4,0]
    • 1
    • Numer porządkowy egz.
    • 1
    • 8
    • Numer przyłączenia i sekwencyjny
    • 0
852 -Numer inwentarzowy [ , ]
    • 1
    • Numer porządkowy egz.
    • 1
    • a
    • Lokalizacja siglum biblioteki
    • SZCZ U
952 -Egzemplarz [ , ]
    • a
    • Numer inwentarzowy
    • Pc.1671
    • c
    • Sygnatura
    • Translatoryka - p. artystyczny 02
    • d
    • Lokalizacja
    • BM Biblioteka Międzywydziałowa
    • h
    • Uwagi
    • Syg.Pc.1468/1
    • i
    • Nr tomu wydaw.cg
    • T. 1 (1991)
    • p
    • Kod kreskowy
    • 2003900016711
    • r
    • Cena
    • 0.00
    • v
    • Data wprowadzenia opisu
    • 2018-11-27
    • y
    • Status udostępniania
    • Tylko na miejscu
952 -Egzemplarz [ , ]
    • a
    • Numer inwentarzowy
    • Pc.1530
    • c
    • Sygnatura
    • Pc.1468
    • d
    • Lokalizacja
    • BM Biblioteka Międzywydziałowa
    • i
    • Nr tomu wydaw.cg
    • T.1 (1991)
    • p
    • Kod kreskowy
    • 2003900015301
    • r
    • Cena
    • 0.00
    • v
    • Data wprowadzenia opisu
    • 2018-11-27
    • y
    • Status udostępniania
    • Tylko na miejscu
952 -Egzemplarz [ , ]
    • a
    • Numer inwentarzowy
    • Pc.1468
    • c
    • Sygnatura
    • Translatoryka - p. artystyczny 03
    • d
    • Lokalizacja
    • BM Biblioteka Międzywydziałowa
    • h
    • Uwagi
    • Syg.Pc1468/2
    • i
    • Nr tomu wydaw.cg
    • T. 2 (1991)
    • p
    • Kod kreskowy
    • 2003900014687
    • r
    • Cena
    • 0.00
    • v
    • Data wprowadzenia opisu
    • 2018-11-27
    • y
    • Status udostępniania
    • Tylko na miejscu
952 -Egzemplarz [ , ]
    • a
    • Numer inwentarzowy
    • Pc.1690
    • c
    • Sygnatura
    • Translatoryka - p. artystyczny 04
    • d
    • Lokalizacja
    • BM Biblioteka Międzywydziałowa
    • h
    • Uwagi
    • Syg.Pc.1468/3
    • i
    • Nr tomu wydaw.cg
    • T. 3 (1992)
    • p
    • Kod kreskowy
    • 2003900016902
    • r
    • Cena
    • 0.00
    • v
    • Data wprowadzenia opisu
    • 2018-11-27
    • y
    • Status udostępniania
    • Tylko na miejscu
952 -Egzemplarz [ , ]
    • a
    • Numer inwentarzowy
    • Pc.2310
    • c
    • Sygnatura
    • Translatoryka - p. artystyczny 06
    • d
    • Lokalizacja
    • BM Biblioteka Międzywydziałowa
    • h
    • Uwagi
    • Syg.Pc.1468/5
    • i
    • Nr tomu wydaw.cg
    • T. 5 (1993)
    • p
    • Kod kreskowy
    • 2003900023108
    • r
    • Cena
    • 0.00
    • v
    • Data wprowadzenia opisu
    • 2018-11-27
    • y
    • Status udostępniania
    • Tylko na miejscu
Uwagi dla czytelnika
Problemy teorii i krytyki
Problemy teorii i krytyki
Zagadnienia serii translatorskich
Tłumaczenia literatury polskiej na języki obce
Strategie translatorskie